000 00223nam a22000857a 4500
008 161022b xxu||||| |||| 00| 0 eng d
100 _9919
_aDunham.B.
245 _aMan Against Myth
260 _aNew Delhi
_bN.B.T. Publications
_c2007
999 _c3574
_d3574